[Event "Ustron op-B"]
[Site "Ustron"]
[Date "2023.08.19"]
[Round "9"]
[White "Nowak, Filip"]
[Black "Kuciel, Wladyslaw"]
[Result "0-1"]
[WhiteElo "1927"]
[BlackElo "1901"]
[PlyCount "98"]
[EventDate "2023.08.11"]
[EventType "swiss"]
[EventRounds "9"]
[EventCountry "POL"]
[SourceTitle "CBM 215 Extra"]
[Source "ChessBase"]
[SourceDate "2023.09.30"]
[SourceVersion "1"]
[SourceVersionDate "2023.09.30"]
[SourceQuality "1"]

1. e4 c5 2. Nf3 e6 3. d4 cxd4 4. Nxd4 Nc6 5. Nc3 Qc7 6. Be2 a6 7. Be3 Nf6 8. 0-0 Be7 9. f4 d6 10. Kh1 0-0 11. Qe1 Bd7 12. Qg3 b5 13. a3 Rfe8 14. Rae1 Rab8 15. e5 dxe5 16. fxe5 Nxe5 17. Bh6 g6 18. Bd1 b4 19. axb4 Rxb4 20. Nf3 Nfg4 21. Bf4 Rxf4 22. Qxf4 Bd6 23. Nxe5 Nxe5 24. Ne4 Be7 25. Nf6+ Bxf6 26. Qxf6 Bb5 27. Rf2 Rd8 28. Be2 Bc6 29. h3 Rf8 30. Bxa6 Nd7 31. Qe7 Qg3 32. Ref1 Qxh3+ 33. Kg1 Qg3 34. b4 Ne5 35. Qc5 Ng4 36. Re1 Bxg2 37. Rxg2 Qxe1+ 38. Bf1 Qe3+ 39. Qxe3 Nxe3 40. Re2 Nxf1 41. Kxf1 Rb8 42. c3 Kf8 43. Ke1 Ke7 44. Kd2 h5 45. Kc2 h4 46. Kb3 g5 47. c4 g4 48. b5 g3 49. Kb4 h3 0-1

[Event "Ustron op-B"]
[Site "Ustron"]
[Date "2023.08.18"]
[Round "8"]
[White "Kuciel, Wladyslaw"]
[Black "Witczak, Borys"]
[Result "0-1"]
[WhiteElo "1901"]
[BlackElo "1949"]
[PlyCount "46"]
[EventDate "2023.08.11"]
[EventType "swiss"]
[EventRounds "9"]
[EventCountry "POL"]
[SourceTitle "CBM 215 Extra"]
[Source "ChessBase"]
[SourceDate "2023.09.30"]
[SourceVersion "1"]
[SourceVersionDate "2023.09.30"]
[SourceQuality "1"]

1. d4 Nf6 2. c4 g6 3. Nc3 Bg7 4. e4 d6 5. h3 0-0 6. Nf3 e5 7. d5 a5 8. Bg5 h6 9. Be3 Na6 10. Be2 Nh5 11. Nd2 Nf4 12. Bf1 Nb4 13. Nb3 a4 14. a3 Nbd3+ 15. Bxd3 Nxg2+ 16. Kd2 axb3 17. Qxb3 f5 18. Rag1 Nxe3 19. Kxe3 fxe4 20. Nxe4 Qh4 21. Rg2 Qf4+ 22. Ke2 Qf3+ 23. Kf1 Bxh3 0-1

[Event "Poronin Tatra Limba op"]
[Site "Poronin"]
[Date "2021.05.22"]
[Round "1"]
[White "Kuciel, Wladyslaw"]
[Black "Fus, Jakub"]
[Result "1/2-1/2"]
[WhiteElo "1968"]
[BlackElo "2420"]
[PlyCount "66"]
[EventDate "2021.05.22"]
[EventType "swiss"]
[EventRounds "9"]
[EventCountry "POL"]
[SourceTitle "EXT 2022"]
[Source "ChessBase"]
[SourceDate "2021.10.06"]
[SourceVersion "1"]
[SourceVersionDate "2021.10.06"]
[SourceQuality "1"]

1. d4 Nf6 2. c4 e6 3. Nf3 b6 4. g3 Bb7 5. Bg2 Bb4+ 6. Nbd2 a5 7. 0-0 0-0 8. a3 Bxd2 9. Bxd2 a4 10. Re1 d6 11. Bc3 Nbd7 12. Qc2 Be4 13. Qc1 Qb8 14. Nd2 Bxg2 15. Kxg2 c5 16. e4 cxd4 17. Bxd4 e5 18. Bc3 Nc5 19. Qd1 Qb7 20. f3 Rac8 21. Qe2 Nfd7 22. Rad1 f5 23. exf5 Rxf5 24. Ne4 Nxe4 25. Qxe4 Qxe4 26. Rxe4 Nc5 27. Re2 Nb7 28. Rd5 Rf7 29. Rb5 Rc6 30. f4 exf4 31. Re8+ Rf8 32. Re7 Rf7 33. Re8+ Rf8 1/2-1/2

[Event "Dobczyce Dominik Memorial 27th"]
[Site "Dobczyce"]
[Date "2019.07.11"]
[Round "9"]
[White "Klementys, Jerzy"]
[Black "Kuciel, Wladyslaw"]
[Result "0-1"]
[WhiteElo "1656"]
[BlackElo "1966"]
[PlyCount "62"]
[EventDate "2019.07.05"]
[EventType "swiss"]
[EventRounds "9"]
[EventCountry "POL"]
[SourceTitle "EXT 2020"]
[Source "ChessBase"]
[SourceDate "2019.10.17"]
[SourceVersion "1"]
[SourceVersionDate "2019.10.17"]
[SourceQuality "1"]

1. d4 Nf6 2. c4 e6 3. Nc3 Bb4 4. Qc2 0-0 5. Bg5 h6 6. Bh4 d6 7. Nf3 Nbd7 8. a3 Bxc3+ 9. Qxc3 b6 10. e4 g5 11. e5 gxh4 12. exf6 Qxf6 13. 0-0-0 Bb7 14. d5 Qxc3+ 15. bxc3 Nf6 16. dxe6 fxe6 17. Nxh4 Ne4 18. Re1 Rxf2 19. Bd3 Nc5 20. Bc2 Raf8 21. Rhg1 Ba6 22. Re3 R8f6 23. Rg3+ Kf7 24. Rg4 h5 25. Rg5 Bxc4 26. Rxh5 Bd3 27. Bd1 Bg6 28. Nxg6 Nd3+ 29. Kb1 Rb2+ 30. Ka1 Rff2 31. Nh8+ Kg7 0-1

[Event "Dobczyce Dominik Memorial 27th"]
[Site "Dobczyce"]
[Date "2019.07.08"]
[Round "5"]
[White "Kuciel, Wladyslaw"]
[Black "Dziewonski, Dariusz"]
[Result "1/2-1/2"]
[WhiteElo "1966"]
[BlackElo "1879"]
[PlyCount "95"]
[EventDate "2019.07.05"]
[EventType "swiss"]
[EventRounds "9"]
[EventCountry "POL"]
[SourceTitle "EXT 2020"]
[Source "ChessBase"]
[SourceDate "2019.10.17"]
[SourceVersion "1"]
[SourceVersionDate "2019.10.17"]
[SourceQuality "1"]

1. d4 d5 2. Nf3 Nf6 3. c4 e6 4. Nc3 Be7 5. Qc2 0-0 6. Bf4 a6 7. e3 Nbd7 8. cxd5 exd5 9. Bd3 c6 10. 0-0 Re8 11. Ne5 g6 12. Rac1 Nxe5 13. Bxe5 Bd6 14. f4 Ng4 15. Rf3 f5 16. Qb3 Nf6 17. e4 fxe4 18. Nxe4 Nxe4 19. Bxe4 Bxe5 20. fxe5 Qh4 21. Re3 Be6 22. Bb1 Qxd4 23. Kh1 Qf4 24. Ree1 Re7 25. Rc3 Qf2 26. Rd1 Rf8 27. Rcc1 Ref7 28. h3 Rf3 29. Rd3 Rxd3 30. Qxd3 Qf4 31. Re1 Bf5 32. Qd1 Bxb1 33. Qxb1 Re8 34. Qd1 Rxe5 35. Rf1 Qc4 36. Rf2 Qe4 37. Rf1 Qe2 38. Qc1 Qe3 39. Qd1 Qe2 40. Qc1 d4 41. Qf4 Rf5 42. Qb8+ Kg7 43. Qxb7+ Kh6 44. Rxf5 gxf5 45. Qxc6+ Kg5 46. Qc1+ Kg6 47. Qc6+ Kg5 48. Qc1+ 1/2-1/2

[Event "Dobczyce Dominik Memorial 27th"]
[Site "Dobczyce"]
[Date "2019.07.06"]
[Round "3"]
[White "Kuciel, Wladyslaw"]
[Black "Cisek, Kamil"]
[Result "0-1"]
[WhiteElo "1966"]
[BlackElo "1891"]
[PlyCount "124"]
[EventDate "2019.07.05"]
[EventType "swiss"]
[EventRounds "9"]
[EventCountry "POL"]
[SourceTitle "EXT 2020"]
[Source "ChessBase"]
[SourceDate "2019.10.17"]
[SourceVersion "1"]
[SourceVersionDate "2019.10.17"]
[SourceQuality "1"]

1. d4 Nf6 2. c4 e6 3. Nf3 d5 4. Nc3 Be7 5. Bf4 0-0 6. e3 c5 7. dxc5 dxc4 8. Qc2 Bxc5 9. Bxc4 Nc6 10. 0-0 a6 11. Rfd1 Qe7 12. Na4 e5 13. Nxc5 exf4 14. exf4 Bg4 15. Re1 Qc7 16. Ne5 Nb4 17. Qc3 Nbd5 18. Bxd5 Nxd5 19. Qd4 Nf6 20. Rac1 Qb6 21. Nxg4 Nxg4 22. Re7 Rad8 23. Qc3 Qd6 24. Re4 Nf6 25. Re5 Ng4 26. Rg5 f6 27. Qb3+ Kh8 28. Rxg4 Rfe8 29. h3 Rc8 30. Qa4 Red8 31. b4 b6 32. Qxa6 bxc5 33. Qxd6 Rxd6 34. Rxc5 Rxc5 35. bxc5 Ra6 36. f5 Rxa2 37. Rc4 Ra7 38. c6 Rc7 39. Rd4 Kg8 40. Rd8+ Kf7 41. Rd7+ Rxd7 42. cxd7 Ke7 43. g4 Kxd7 44. Kg2 Kd6 45. f4 Kd5 46. Kf3 Kd4 47. h4 h6 48. h5 Kd3 49. g5 Kd4 50. Kg4 Ke4 51. g6 Kd4 52. Kh4 Kd3 53. Kh3 Ke2 54. Kg2 Kd3 55. Kh3 Kc4 56. Kg4 Kc5 57. Kh3 Kd5 58. Kh4 Kd4 59. Kh3 Kd3 60. Kh2 Ke4 61. Kg3 Ke3 62. Kg4 Kf2 0-1

[Event "POL-chT 2nd League"]
[Site "Jastrzebia Gora"]
[Date "2016.09.07"]
[Round "5.51"]
[White "Kuciel, Wladyslaw"]
[Black "Fudalej, Grzegorz"]
[Result "1-0"]
[WhiteElo "1928"]
[BlackElo "2137"]
[PlyCount "73"]
[EventDate "2016.09.03"]
[EventType "team-swiss"]
[EventRounds "9"]
[EventCountry "POL"]
[SourceTitle "EXT 2017"]
[Source "ChessBase"]
[SourceDate "2016.10.25"]
[SourceVersion "1"]
[SourceVersionDate "2016.10.25"]
[SourceQuality "1"]
[WhiteTeam "Nowy Sacz Sandecja"]
[BlackTeam "Wroclaw Polonia"]
[WhiteTeamCountry "POL"]
[BlackTeamCountry "POL"]

1. d4 g6 2. c4 Bg7 3. e4 d6 4. Nc3 e5 5. Be3 c6 6. f3 f5 7. Qd2 Qe7 8. 0-0-0 Nf6 9. h3 Na6 10. Bd3 f4 11. Bf2 Nh5 12. Nge2 0-0 13. Kb1 Bd7 14. c5 dxc5 15. dxc5 Nc7 16. Bc4+ Be6 17. Bxe6+ Nxe6 18. Qd7 Kf7 19. Qxe7+ Kxe7 20. Nc1 Rfd8 21. Nb3 Bf8 22. Na5 Rab8 23. Rhe1 Nf6 24. Nc4 Nd7 25. b4 b6 26. cxb6 axb6 27. b5 cxb5 28. Nxb5 Kf6 29. Rd5 Bc5 30. Bxc5 bxc5 31. a4 Nd4 32. Rd1 Ra8 33. Nc3 Rdb8+ 34. Ka2 Rb4 35. Nd6 Nb6 36. Nc4 Nd7 37. Rd6+ 1-0

[Event "POL-chT 2nd League"]
[Site "Jastrzebia Gora"]
[Date "2016.09.04"]
[Round "2.15"]
[White "Kowalczyk, Pawel"]
[Black "Kuciel, Wladyslaw"]
[Result "1-0"]
[WhiteElo "2303"]
[BlackElo "1928"]
[PlyCount "95"]
[EventDate "2016.09.03"]
[EventType "team-swiss"]
[EventRounds "9"]
[EventCountry "POL"]
[SourceTitle "EXT 2017"]
[Source "ChessBase"]
[SourceDate "2016.10.25"]
[SourceVersion "1"]
[SourceVersionDate "2016.10.25"]
[SourceQuality "1"]
[WhiteTeam "Pegow Wieza"]
[BlackTeam "Nowy Sacz Sandecja"]
[WhiteTeamCountry "POL"]
[BlackTeamCountry "POL"]

1. e4 c5 2. Ne2 e6 3. Nbc3 a6 4. g3 b5 5. Bg2 Bb7 6. 0-0 Qc7 7. d4 cxd4 8. Nxd4 Nf6 9. Re1 d6 10. Bg5 Nbd7 11. a4 b4 12. Na2 Be7 13. Nxb4 0-0 14. Nd3 Rfe8 15. c3 h6 16. Bxf6 Bxf6 17. Nc2 Nb6 18. Ne3 Rab8 19. a5 Nc4 20. Nxc4 Qxc4 21. Nb4 Red8 22. Qe2 Qc5 23. Red1 Rd7 24. Ra2 Ra8 25. Ra4 Bd8 26. Nd3 Qc7 27. Ra3 Bc6 28. c4 Qb7 29. b4 f5 30. f3 fxe4 31. fxe4 Bf6 32. h4 Bd4+ 33. Kh2 Rf7 34. Ra2 e5 35. Rb1 Raf8 36. Qe1 Bd7 37. b5 Be6 38. Rc2 Rc7 39. Qb4 axb5 40. Qxd6 Bxc4 41. Nxe5 Bxe5 42. Qxe5 Qa7 43. Qc3 Rd7 44. Ra1 Rd3 45. Qe1 Re3 46. Qg1 Bd3 47. Rd2 Rf7 48. Ra3 1-0

[Event "Pobeskydy op"]
[Site "Frydek Mistek"]
[Date "2014.04.20"]
[Round "7"]
[White "Kuciel, Wladyslaw"]
[Black "Plat, Vojtech"]
[Result "0-1"]
[WhiteElo "2011"]
[BlackElo "2456"]
[PlyCount "56"]
[EventDate "2014.04.17"]
[EventType "swiss"]
[EventRounds "9"]
[EventCountry "CZE"]
[SourceTitle "CBM 159 Extra"]
[Source "ChessBase"]
[SourceDate "2014.04.24"]
[SourceVersion "1"]
[SourceVersionDate "2014.04.24"]
[SourceQuality "1"]

1. d4 d6 2. Nf3 Bg4 3. e4 Nd7 4. Be2 c6 5. 0-0 Ngf6 6. Ng5 Bxe2 7. Qxe2 e5 8. c3 Be7 9. f4 0-0 10. h3 h6 11. fxe5 dxe5 12. Nf3 Re8 13. Nbd2 Bf8 14. Qf2 Qe7 15. dxe5 Nxe5 16. Nxe5 Qxe5 17. Nf3 Qxe4 18. Bxh6 gxh6 19. Nd2 Qd3 20. Qxf6 Qxd2 21. Qxf7+ Kh8 22. Qxb7 Bd6 23. Rae1 Rg8 24. Qxc6 Rac8 25. Qe4 Bc5+ 26. Kh2 Rce8 27. Qf3 Rxe1 28. Qf6+ Rg7 0-1

[Event "Pobeskydy op"]
[Site "Frydek Mistek"]
[Date "2014.04.19"]
[Round "5"]
[White "Kuciel, Wladyslaw"]
[Black "Berek, Geza"]
[Result "1-0"]
[WhiteElo "2011"]
[BlackElo "2167"]
[PlyCount "113"]
[EventDate "2014.04.17"]
[EventType "swiss"]
[EventRounds "9"]
[EventCountry "CZE"]
[SourceTitle "CBM 159 Extra"]
[Source "ChessBase"]
[SourceDate "2014.04.24"]
[SourceVersion "1"]
[SourceVersionDate "2014.04.24"]
[SourceQuality "1"]

1. d4 g6 2. c4 Bg7 3. Nc3 d6 4. Nf3 Nf6 5. e4 0-0 6. Be2 e5 7. Be3 Ng4 8. Bg5 f6 9. Bh4 Nc6 10. d5 Ne7 11. Nd2 Nh6 12. Qc2 c5 13. dxc6 bxc6 14. Rd1 Be6 15. 0-0 Qc7 16. Nb3 Rfd8 17. c5 d5 18. exd5 cxd5 19. Nb5 Qc8 20. f4 Nef5 21. Bf2 a6 22. Nc3 exf4 23. Qd2 d4 24. Na4 Qc7 25. Nxd4 Bxa2 26. Qc3 Bf7 27. Nb6 Ra7 28. b4 Ne7 29. Qa3 Nd5 30. Bxa6 Nxb4 31. Nb5 Rxa6 32. Nxc7 Rxa3 33. Rxd8+ Bf8 34. Nd7 Ra7 35. Rxf8+ Kg7 36. Rc8 Nc6 37. Nb5 Rxd7 38. Rxc6 Bc4 39. Nd6 Bxf1 40. Kxf1 Ng4 41. h3 Ne5 42. Rc7 Rxc7 43. Ne8+ Kf7 44. Nxc7 g5 45. Ke2 h5 46. Nb5 Ke6 47. Bd4 Kd5 48. Bxe5 fxe5 49. Nc3+ Kxc5 50. Kd3 g4 51. h4 Kd6 52. Ke4 Ke6 53. Nd5 g3 54. Nb4 Kf6 55. Nd3 f3 56. Kxf3 Kf5 57. Nc5 1-0

[Event "Krakow op-B 24th"]
[Site "Krakow"]
[Date "2014.01.03"]
[Round "8"]
[White "Kuciel, Wladyslaw"]
[Black "Gastaldello, Lorenzo"]
[Result "1-0"]
[WhiteElo "1979"]
[BlackElo "1986"]
[PlyCount "89"]
[EventDate "2013.12.27"]
[EventType "swiss"]
[EventRounds "9"]
[EventCountry "POL"]
[SourceTitle "CBM 158 Extra"]
[Source "ChessBase"]
[SourceDate "2014.02.28"]
[SourceVersion "1"]
[SourceVersionDate "2014.02.28"]
[SourceQuality "1"]

1. d4 d5 2. Nf3 Nf6 3. c4 e6 4. Nc3 Be7 5. g3 0-0 6. Bg2 c6 7. 0-0 Nbd7 8. b3 Qc7 9. Bb2 Rd8 10. Qc2 dxc4 11. bxc4 b5 12. Ne5 Bb7 13. Rfc1 b4 14. Ne4 Nxe5 15. dxe5 Ng4 16. Nd6 Bxd6 17. exd6 Qxd6 18. Rd1 Qc5 19. e3 Ba6 20. Bd4 Qh5 21. h3 Nh6 22. Bxa7 Rxd1+ 23. Rxd1 Bxc4 24. Bxc6 Rc8 25. Rd7 Qe2 26. Qxe2 Bxe2 27. Rd2 f6 28. Rxe2 Rxc6 29. Rb2 Rc4 30. Bb8 Nf7 31. Kf1 Ne5 32. Bxe5 fxe5 33. Ke2 e4 34. Kd2 Rc5 35. Rxb4 Rd5+ 36. Kc3 Rf5 37. Rb2 Kf7 38. Kd4 Rh5 39. h4 Rd5+ 40. Kxe4 Kf6 41. a4 Ke7 42. Ra2 Kd7 43. a5 Kc7 44. a6 Kb8 45. Rb2+ 1-0

[Event "Krakow op-B 24th"]
[Site "Krakow"]
[Date "2013.12.29"]
[Round "3"]
[White "Muhtarov, Leonid"]
[Black "Kuciel, Wladyslaw"]
[Result "1-0"]
[WhiteElo "2097"]
[BlackElo "1979"]
[PlyCount "20"]
[EventDate "2013.12.27"]
[EventType "swiss"]
[EventRounds "9"]
[EventCountry "POL"]
[SourceTitle "CBM 158 Extra"]
[Source "ChessBase"]
[SourceDate "2014.02.28"]
[SourceVersion "1"]
[SourceVersionDate "2014.02.28"]
[SourceQuality "1"]

1. Nf3 Nf6 2. g3 b5 3. Bg2 Bb7 4. d3 g6 5. e4 d6 6. 0-0 Bg7 7. Nbd2 0-0 8. Re1 e5 9. c3 Nbd7 10. d4 Re8 1-0

[Event "Rewal op-B 18th"]
[Site "Rewal"]
[Date "2013.08.27"]
[Round "7"]
[White "Suliborski, Artur"]
[Black "Kuciel, Wladyslaw"]
[Result "1-0"]
[WhiteElo "1817"]
[BlackElo "1978"]
[PlyCount "77"]
[EventDate "2013.08.20"]
[EventType "swiss"]
[EventRounds "9"]
[EventCountry "POL"]
[SourceTitle "CBM 156 Extra"]
[Source "ChessBase"]
[SourceDate "2013.10.22"]
[SourceVersion "1"]
[SourceVersionDate "2013.10.22"]
[SourceQuality "1"]

1. d4 Nf6 2. g3 d5 3. Bg2 Bf5 4. Nf3 e6 5. 0-0 Nbd7 6. Nbd2 c5 7. c4 Be7 8. b3 0-0 9. Bb2 Qb6 10. cxd5 exd5 11. dxc5 Bxc5 12. e3 Rfe8 13. Nd4 Bd3 14. Re1 Rad8 15. N2f3 Be4 16. Rc1 Bb4 17. Re2 h6 18. a3 Bf8 19. b4 a5 20. Bc3 axb4 21. Bxb4 Bxb4 22. Rb2 Ra8 23. axb4 Ra3 24. Bf1 Ng4 25. Rb3 Ra2 26. Nd2 Nde5 27. Be2 Qg6 28. f3 Nc4 29. Nxc4 dxc4 30. Rbc3 Bd3 31. fxg4 Rxe3 32. Bxd3 cxd3 33. Nf5 Qb6 34. Rc5 Qxb4 35. Rc8+ Kh7 36. Nxe3 Qd4 37. Re8 d2 38. Rc4 Qf6 39. Qb1+ 1-0

[Event "Kochan Memorial op 24th"]
[Site "Koszalin"]
[Date "2013.08.11"]
[Round "3"]
[White "Bartoszewicz, Marcin"]
[Black "Kuciel, Wladyslaw"]
[Result "0-1"]
[WhiteElo "1878"]
[BlackElo "1978"]
[PlyCount "86"]
[EventDate "2013.08.10"]
[EventType "swiss"]
[EventRounds "9"]
[EventCountry "POL"]
[SourceTitle "CBM 155 Extra"]
[Source "ChessBase"]
[SourceDate "2013.08.26"]
[SourceVersion "1"]
[SourceVersionDate "2013.08.26"]
[SourceQuality "1"]

1. e4 c5 2. Nf3 e6 3. d4 cxd4 4. Nxd4 Nc6 5. Nb5 d6 6. Bf4 e5 7. Be3 a6 8. N5c3 Nf6 9. Be2 Be7 10. 0-0 0-0 11. a4 Be6 12. Bf3 Nb4 13. Bg5 Rc8 14. Na3 Qb6 15. Qd2 h6 16. Be3 Qc7 17. Rfd1 Rfd8 18. Ncb5 Qa5 19. Na7 Ra8 20. c3 d5 21. cxb4 Bxb4 22. Qc2 d4 23. Bd2 Rxa7 24. Bxb4 Qxb4 25. Qc7 Qd6 26. Rdc1 Ne8 27. Qa5 b6 28. Qd2 Rc7 29. Rxc7 Qxc7 30. Rc1 Qb7 31. Qd3 Nd6 32. h3 Rc8 33. Re1 b5 34. axb5 axb5 35. Bg4 Bxg4 36. hxg4 Qc6 37. Re2 Qc1+ 38. Kh2 Qf4+ 39. Kh3 Rc1 40. g3 Rh1+ 41. Kg2 Qc1 42. Rc2 Qg1+ 43. Kf3 Rh2 0-1